UM Logo
Normal view MARC view
  • Goetz, Stefan M.

Entry Personal Name

Number of records used in: 1

001 - CONTROL NUMBER

  • control field: 56503

003 - CONTROL NUMBER IDENTIFIER

  • control field: OSt

005 - DATE AND TIME OF LATEST TRANSACTION

  • control field: 20240422095618.0

008 - FIXED-LENGTH DATA ELEMENTS

  • fixed length control field: 240422|| aca||aabn | a|a d

040 ## - CATALOGING SOURCE

  • Original cataloging agency: OSt
  • Transcribing agency: OSt

100 ## - HEADING--PERSONAL NAME

  • Personal name: Goetz, Stefan M.
  • Relator term: author.

670 ## - SOURCE DATA FOUND

  • Source citation: Work cat.: (OSt): Li, Zhongxi. author. 56502, High-definition high-bandwidth DC/AC power conversion through binary asymmetric cascaded H-bridges /, November 2022.